000
00306nam a2200109Ia 4500
008
200302s9999 xx 000 0 und d
100
_a
Rakesh kumar and RN Singh
245
_a
Municipal Water and Wastewater Treatment
260
_b
Commonwealth of Learning, Cannada LTd.,
260
_c
2009
300
_a
266 P.,
999
_c
2867
_d
2867